Library Banner

Study guide to accompany Economics (Record no. 10701)

MARC details
000 -LEADER
fixed length control field 00397nam a2200169Ia 4500
001 - CONTROL NUMBER
control field 9584
008 - FIXED-LENGTH DATA ELEMENTS--GENERAL INFORMATION
fixed length control field 140327s9999 xx 000 0 und d
020 ## - INTERNATIONAL STANDARD BOOK NUMBER
International Standard Book Number 0-673-52302-0
040 ## - CATALOGING SOURCE
Transcribing agency PK-LaUMT
082 ## - DEWEY DECIMAL CLASSIFICATION NUMBER
Classification number R 330
Item number WAT-S
100 ## - MAIN ENTRY--PERSONAL NAME
Personal name Watson, John Keith
245 ## - TITLE STATEMENT
Title Study guide to accompany Economics
Statement of responsibility, etc Watson, John Keith
260 ## - PUBLICATION, DISTRIBUTION, ETC. (IMPRINT)
Date of publication, distribution, etc 1994
300 ## - PHYSICAL DESCRIPTION
Extent 445 p.
546 ## - LANGUAGE NOTE
Language note EN
942 ## - ADDED ENTRY ELEMENTS (KOHA)
Koha item type Books
Holdings
Withdrawn status Lost status Damaged status Not for loan Home library Current library Date acquired Total Checkouts Full call number Barcode Date last seen Price effective from Koha item type
        UMT Main Campus UMT Main Campus 2014-03-27   R 330 WAT-S 11343 2014-03-27 2014-03-27 Books